| 000 | 01026nam a22002895a 4500 | ||
|---|---|---|---|
| 001 | C01291949c-2 | ||
| 003 | CO-ViMGA | ||
| 005 | 20230915233130.0 | ||
| 008 | 111005s2011 sp a gr 000 0dspa d | ||
| 020 | _a9788492769971 | ||
| 040 |
_aCO-ViMGA _bspa _cCO-ViMGA |
||
| 041 | 1 | _hita | |
| 043 | _ae-sp--- | ||
| 082 | 0 | 4 |
_a741.5946 _bM15p _221 |
| 100 | 1 |
_aMandel, Lisa, _d1977- _93198 |
|
| 245 | 1 | 0 |
_aPsiquiátrico: _b1. El frenopático / _cLisa Mandel ; traducción Lucía Bermúdez Carballo. |
| 260 |
_aBilbao : _bAstiberri, _c2011. |
||
| 300 |
_a[60] p. : _bil. ; _c25 cm. |
||
| 490 | 0 | _aColección Sillón orejero | |
| 534 |
_pTítulo original : _tHP.1 Asile d'aliénés. |
||
| 650 | 1 | 4 |
_aEnfermos mentales _x Tiras cómicas, historietas, etc. _93201 |
| 650 | 1 | 4 |
_aHumorismo gráfico español. _93199 |
| 650 | 1 | 4 |
_aTiras cómicas, historietas, etc. _92479 |
| 650 | 1 | 4 |
_aHospitales psiquiátricos _x Tiras cómicas, historietas, etc. _93200 |
| 700 | 1 |
_aBermúdez Carballo, Lucia, _etr. _93202 |
|
| 942 |
_2ddc _cBK |
||
| 999 |
_c35449 _d35449 |
||